名前に「鳥」を含む駅 - Statistics

General Stats
  • This quiz has been taken 86 times
  • The average score is 20 of 41
Answer Stats
Hint Answer % Correct
参宮線近鉄鳥羽線 近鉄志摩線 鳥羽
92%
鹿児島本線長崎本線 鳥栖
92%
九州新幹線長崎本線 新鳥栖
90%
山陰本線因美線 鳥取
87%
鹿児島本線 千鳥
81%
山陰本線 鳥取大学前
77%
京急空港線 大鳥居
76%
南海高野線南海泉北線 中百舌鳥
76%
阪和線 百舌鳥
73%
常磐線 羽鳥
68%
中央本線 鳥沢
66%
飯田線 鳥居
66%
阪神なんば線 千鳥橋
61%
阪和線 和泉鳥取
56%
南海高野線 百舌鳥八幡
56%
近鉄吉野線 飛鳥
55%
京阪本線 鳥羽街道
55%
近鉄京都線 上鳥羽口
53%
東急池上線 千鳥町
50%
近鉄生駒鋼索線 鳥居前
50%
長良川鉄道線 美濃白鳥
45%
東北本線 石鳥谷
40%
高徳線 讃岐白鳥
40%
いわて銀河鉄道線 小鳥谷
37%
南海本線 鳥取ノ荘
34%
都電荒川線 飛鳥山
32%
横浜シーサイドライン 鳥浜
31%
小浜線 大鳥羽
29%
名鉄蒲郡線 三河鳥羽
29%
阪堺線 住吉鳥居前
27%
能勢電鉄妙見線 一の鳥居
26%
羽越本線 南鳥海
24%
近江鉄道本線 鳥居本
24%
信越本線 長鳥
23%
飯山線 信濃白鳥
23%
予讃線 鳥ノ木
21%
秩父鉄道線 ひろせ野鳥の森
21%
長良川鉄道線 白鳥高原
18%
樽見鉄道線 水鳥
18%
福井鉄道福武線 鳥羽中
15%
五能線 鳥形
13%
No matching quizzes found
Score Distribution
Percent of People with Each Score
Percentile by Number Answered
Your Score History
You have not taken this quiz